Livres de la Bible catholique - Statistiques

Statistiques générales
  • Ce quiz a été pris 33 fois
  • Le résultat moyen est 28 sur 73
Statistiques - réponses
categorie Hint Réponse % Correct
Overige brieven 70 Deuxième épître de Jean
91%
Evangelie 50 Jean
91%
Evangelie 47 Matthieu
91%
Overige brieven 69 Première épître de Jean
91%
Overige brieven 71 Troisième épître de Jean
91%
Evangelie 48 Marc
87%
Wet 1 Genèse
83%
Evangelie 49 Luc
83%
Profetie 73 Apocalypse
70%
Brieven van Paulus 54 Deuxième épître aux Corinthiens
70%
Overige brieven 68 Deuxième épître de Pierre
70%
Wet 2 Exode
70%
Brieven van Paulus 53 Première épître aux Corinthiens
70%
Overige brieven 67 Première épître de Pierre
70%
Poëzie 23 Psaumes
57%
Geschiedenis 2 51 Actes des Apôtres
48%
Poëzie 24 Proverbes
48%
Brieven van Paulus 60 Deuxième épître aux Thessaloniciens
43%
Brieven van Paulus 59 Première épître aux Thessaloniciens
43%
Brieven van Paulus 58 Épître aux Colossiens
43%
Brieven van Paulus 56 Épître aux Éphésiens
43%
Brieven van Paulus 52 Épître aux Romains
43%
Geschiedenis 19 Esther
43%
Wet 5 Deutéronome
39%
Grote profeten 29 Isaïe
39%
Poëzie 22 Job
39%
Poëzie 26 Le Cantique des Cantiques
39%
Wet 3 Lévitique
39%
Wet 4 Nombres
39%
Geschiedenis 8 Ruth
39%
Geschiedenis 11 1 Rois
35%
Geschiedenis 9 1 Samuel
35%
Geschiedenis 12 2 Rois
35%
Geschiedenis 10 2 Samuel
35%
Brieven van Paulus 62 Deuxième épître à Timothée
35%
Brieven van Paulus 63 Épître à Tite
35%
Brieven van Paulus 55 Épître aux Galates
35%
Overige brieven 65 Épître aux Hebreux
35%
Brieven van Paulus 57 Épître aux Philippiens
35%
Overige brieven 66 Épître de Jacques
35%
Overige brieven 72 Épître de Jude
35%
Brieven van Paulus 61 Première épître à Timothée
35%
Poëzie 27 Sagesse
30%
Geschiedenis 20 1 Maccabées
26%
Geschiedenis 21 2 Maccabées
26%
Grote profeten 34 Daniel
26%
Brieven van Paulus 64 Épitre à Philémon
26%
Geschiedenis 15 Esdras
26%
Grote profeten 30 Jérémie
26%
Kleine profeten 39 Jonas
26%
Geschiedenis 6 Josué
26%
Geschiedenis 18 Judith
26%
Kleine profeten 46 Malachie
26%
Grote profeten 33 Ézéchiel
22%
Geschiedenis 7 Juges
22%
Kleine profeten 35 Osée
22%
Geschiedenis 17 Tobie
22%
Kleine profeten 45 Zacharie
22%
Geschiedenis 13 1 Chroniques
17%
Geschiedenis 14 2 Chroniques
17%
Kleine profeten 38 Abdias
13%
Kleine profeten 37 Amos
13%
Poëzie 25 L'Ecclésiaste
13%
Kleine profeten 40 Michée
13%
Grote profeten 32 Baruch
9%
Kleine profeten 42 Habaquq
9%
Kleine profeten 41 Nahum
9%
Geschiedenis 16 Néhémie
9%
Kleine profeten 43 Sophonie
9%
Kleine profeten 44 Aggée
4%
Grote profeten 31 Lamentations
4%
Kleine profeten 36 Joël
0%
Poëzie 28 L'Écclésastique
0%
Aucun quiz correspondant
Distribution des résultats
% des personnes avec chaque résultat
Percentile par nombre de réponses
Votre historique - résultats
Vous n’avez pas pris ce quiz